00553nam a22002057a 450000500170000000800410001701000150005802000250007303500130009803700130011104000130012408200130013710000190015024500570016926000360022627000570026230000220031965000030034170000030034420110922102647.0110922t xxu||||| |||| 00| 0 eng d aENG-103744 c25.00a9788189524685 aEN-87277 bDBAD/PUB aDPLbEng a305.5688 aAmbedkar, B.R. aReminiscences of untouchability /cby B.R. Ambedkar aNew DelhibCritical Questc2011 a420, G-Block, Phase VI, Aya NagarbNew Delhie110047 a31p. c22cm (pbk)